00510nam a2200181 a 450000100100000000500170001000800410002702000150006804000250008308200180010810000280012624500380015426000480019230000240024049000140026465000240027865000260030200001881920200929165849.0100519s1996 ve r 001 p spa d a980325121X aDO-SdBNPbspacBNPHU aV861.44bJ25s1 aJaimes, Héctord1964-10aSalvoconducto /cHéctor Jaimes. aCaracas :bFondo Editorial Tropykos,c1996. a74 [2] p. ;c19 cm.1 aPariav11 4aPoesía venezolana 4aLiteratura venezolana